书目信息 |
| 题名: |
价格理论及其应用
|
|
| 作者: | 沃森 , Watson , 霍尔曼 , Holman 著 ;闵庆全 译 | |
| 分册: | ||
| 出版信息: | 北京 中国财政经济出版社 1983 |
|
| 页数: | 567页 | |
| 开本: | 19cm | |
| 丛书名: | ||
| 单 册: | ||
| 中图分类: | F014.3 , F031.3 | |
| 科图分类: | ||
| 主题词: | 价格学 , 资本主义社会--生产方式 | |
| 电子资源: | ||
| ISBN: | ||
| 000 | 00897nam0 2200313 45 | |
| 001 | 0183003016 | |
| 005 | 20040421144655.0 | |
| 010 | @dCNY1.75 | |
| 091 | @a4166.410 | |
| 100 | @a19950510d1983 emky0chiy0121 ea | |
| 101 | 1 | @achi@ceng |
| 102 | @aCN@b110000 | |
| 105 | @ay z 000yy | |
| 106 | @ar | |
| 200 | 10 | @a价格理论及其应用@Ajia ge li lun ji qi ying yong@f(美)沃森(Watson,D.S.),(美)霍尔曼(Holman,M.A.)著@g闵庆全译 |
| 210 | @a北京@c中国财政经济出版社@d1983 | |
| 215 | @a567页@d19cm | |
| 606 | @a价格学 | |
| 606 | 0 | @a资本主义社会@x生产方式 |
| 690 | @aF014.3@v3 | |
| 690 | @aF031.3 | |
| 701 | 1 | @a沃森@Awo sen@bD.S.@4著 |
| 701 | A1 | @aWatson@bD.S.@4著 |
| 701 | 1 | @a霍尔曼@Ahuo er man@bM.A.@4著 |
| 701 | A1 | @aHolman@bM.A.@4著 |
| 702 | 0 | @a闵庆全@Amin qing quan@4译 |
| 801 | 0 | @aCN@b上海图书馆@c20040421 |
| 801 | 2 | @aCN@bNLC@c20040421 |
| 905 | @f2@b99358-359@dF031.3@e19 | |
| 价格理论及其应用/(美)沃森(Watson,D.S.),(美)霍尔曼(Holman,M.A.)著/闵庆全译.-北京:中国财政经济出版社,1983 |
| 567页;19cm |
| ISBN :CNY1.75 |
| ● |
| 相关链接 |
|
|
|
|
正题名:价格理论及其应用
索取号:F031.3/19
 
预约/预借
| 序号 | 登录号 | 条形码 | 馆藏地/架位号 | 状态 | 备注 |
| 1 | 0099358 | 001270190 | 第一借阅区/ [索取号:F031.3/19] | 在馆 | |
| 2 | 0099359 | 001270181 | 第一样本阅览室/ [索取号:F031.3/19] | 在馆 |